Responses for Show #5941 - Monday, June 14, 2010

Contestants

[<< previous game]

Mark Passerrello, a librarian from Westerville, Ohio

Marianthe Colakis, a Latin and Greek teacher from Forest Hills, New York

Marty Scott, an assistant district attorney from Forney, Texas (whose 2-day cash winnings total $38,802)

[next game >>]

Jeopardy! Round responses

LANDMARKS
NO. 1 SONGS
A FRUITY CATEGORY
PRESIDENTIAL CAMPAIGN SLOGANS
LITERARY STUPID ANSWERS
ENDS IN "FF"
    $200 26
Cape Town

Mark
    $200 1
"My Heart Will Go On"

Mark
    $200 19
kumquat

Marty
    $200 15
Obama

Marty
    $200 6
The Adventures of Tom Sawyer

Marty
    $200 10
puff

Marty
    $400 27
the White House

Marty
    $400 2
"Like A Virgin"

Marty
    $400 22
a banana

Marianthe
    $400 16
Ronald Reagan

Marty
    $400 7
It

Marty
    $400 11
stiff

Marty
    $600 28
Paris

Mark
    $600 3
"...Baby One More Time"

Triple Stumper
    $600 23
a cherry

Marty
    $600 17
Jimmy Carter

Marianthe
    $600 8
Oliver's Story

Mark
    $600 12
scoff

Marianthe
    $2,200 29
(Mark: What... is [Long pause, shakes head] I... it's... [*]!)
[The time expiry signal sounds.]
(Alex: Oh! By golly, you got it in in the nick of time!)
[Mark dramatically wipes sweat from his brow.]

the Alhambra

Mark
    $800 4
"Lady Marmalade"

Marty
    $800 24
a blood orange

Mark
    $800 20
George H.W. Bush

Marty
    $800 9
The Second Deadly Sin

Marianthe
    $800 13
mastiff

Mark
    $1000 30
(Marty: What is the Algonquin?)

the Fraunces Tavern

MartyMarianthe
    $1000 5
"The Battle Of New Orleans"

Marty
    $1000 25
a starfruit

Marty
    $1000 21
John McCain

Marty
    $1000 18
(Mark: Who are The Graduates?)

The Group

MariantheMark
    $1000 14
Gruff

Marty

Scores at the first commercial break (after clue 15):

Marty Marianthe Mark
$4,600 $1,400 $1,600

Scores at the end of the Jeopardy! Round:

Marty Marianthe Mark
$8,000 $4,400 $4,400

Double Jeopardy! Round responses

ART & ARTISTS
JONES-ING
IN AN EMERGENCY
1T, 2T
(Alex: There will be two words, almost identical, as correct responses; one will have just one "T" and the other will have the double "T".)
ALIEN INVADERS!
DESTINATION: EARTH
    $400 1
Gainsborough

Marty
    $400 16
(Edith) Wharton

Mark
    $400 23
boil water

Marianthe
    $400 2
cuter & cutter

Marty
    $400 11
Predator

Mark
    $400 27
diamond

Marty
    $800 4
Moore

Mark
    $800 17
National Velvet

Mark
    $800 24
(Marianthe: What is a tourniquet?)

a splint

MariantheMark
    $800 3
put & putt

Marianthe
    $800 12
Godzilla

Mark
    $800 28
(Mark: What are equinoxes?)

tides

MartyMark
    $3,000 5
(Mark: Who is Degas?)

Henri de Toulouse-Lautrec

Mark
    $1200 18
(Charles) Dow

Marty
    $1200 25
a skunk

Marty
    $1200 8
liter & litter

Marty
    $1200 13
The Blob

Marty
    $1200 29
the equator

Mark
    $1600 6
(Mark: What is gaslight?)
(Marianthe: What is neon?)

candlelight

MariantheMark
Triple Stumper
    $2,000 19
[Halfway through the clue Marty smiles and shakes his head.]
...
(Alex: And you regret betting only $2,000, I know!)

Bob Jones

Marty
    $1600 26
roll down the windows

Marty
    $1600 9
fated & fatted

Marty
    $1600 14
Cloverfield

Marty
    $1600 30
seismic waves

Triple Stumper
    $2000 7
Jasper Johns

Marty
    $2000 20
The Emperor Jones

Mark
    $2000 21
natural gas

Mark
    $2000 10
wat & watt

Marty
    $2000 15
Invasion of the Body Snatchers

Marianthe
    $2000 22
tilt

Marty

Scores at the end of the Double Jeopardy! Round:

Marty Marianthe Mark
$27,600 $5,200 $8,200
(lock game)

[wagering suggestions for these scores]

Final Jeopardy! Round responses

MOONS & MYTHOLOGY
(Alex: Marianthe, you wrote something down and then erased it, crossed it off. You started with Neptune then went to [*]. Who's the Greek counterpart to [*]?)
(Marianthe: Ares.)
(Alex: Ares. Deimos and Phobos are the two sons of Ares. You are correct. And they are the names of the moons.)
MariantheWhat is Neptune? Mars?
$5,200
MarkWhat Jupiter
$0
MartyWhat is Neptune?
$2,400
Mars

Final scores:

Marty Marianthe Mark
$25,200 $10,400 $8,200
3-day champion: $64,002 2nd place: $2,000 3rd place: $1,000

Game dynamics:

Coryat scores:

Marty Marianthe Mark
$27,200 $5,200 $9,800
31 R
(including 1 DD),
1 W
9 R,
2 W
16 R
(including 1 DD),
4 W
(including 1 DD)

Combined Coryat: $42,200

[game clues] [game scores] [suggest correction]

Game tape date: 2010-02-17
The J! Archive is created by fans, for fans. Scraping, republication, monetization, and malicious use prohibited; this site may use cookies and collect identifying information. See terms. The Jeopardy! game show and all elements thereof, including but not limited to copyright and trademark thereto, are the property of Jeopardy Productions, Inc. and are protected under law. This website is not affiliated with, sponsored by, or operated by Jeopardy Productions, Inc. Join the discussion at JBoard.tv.